00888nam a2200193 a 450000100100000000500170001000800410002702000180006804000250008608200150011110000360012624500650016226000650022730000280029295201130032095201190043395201250055299900170067700003765820201002031111.0121024s2008 pr a 000 0 spa d a9786034008656 aDO-SdBNPbspacBNPHU axxxbA347s1 aAlcántara P., Wilfredo96412710aSecretos para el éxito personal /cWilfredo Alcántara P. aLima, Perú :bInstituto de Desarrollo Humano, AMEX,c2008. a143 p. :bil. ;c21 cm. 001050718MOaGRbGRcCTd2012-10-24iLF1l0oxxx A347sp37658-10r2020-06-25w2020-06-25y1ZNo se presta 001050718MOaGRbGRcCTd2012-10-24iLF1l0oxxx A347sp37658-20r2020-06-25te. 2w2020-06-25y1ZNo se presta 001054708MOaGRbGRcCTd2012-10-24iLF1l0oxxx A347sp37658-30r2020-06-25te. 3w2020-06-25y4ZPréstamo en sala c37148d37148